| 000 | 01197nam a22002417a 4500 | ||
|---|---|---|---|
| 008 | 250703b |||||||| |||| 00| 0 eng d | ||
| 020 | _a9781805300175 | ||
| 040 | _ctbs | ||
| 041 | _aeng | ||
| 050 |
_aPR6108.A39 _bH86 2013 |
||
| 100 |
_aHaig, Matt _914378 _eauthor |
||
| 245 |
_aThe humans _c/ Matt Haig. |
||
| 260 |
_aLondon : _bCanongate Books, _c2023. |
||
| 300 |
_ax, 308 pages ; _c20 cm. |
||
| 520 | _aAfter an ''incident'' one wet Friday night where he was found walking naked through the streets of Cambridge, Professor Andrew Martin is not feeling quite himself. Food sickens him. Clothes confound him. Even his loving wife and teenage son are repulsive to him. He feels lost amongst an alien species and hates everyone on the planet. Everyone, that is, except Newton, (and he''s a dog). Who is he really? And what could make someone change their mind about the human race? | ||
| 650 | 0 |
_aExtraterrestrial beings _vFiction _925631 |
|
| 650 | 0 |
_aHuman-alien encounters _vFiction _925632 |
|
| 650 | 0 |
_aUniversity of Cambridge _vFiction _925633 |
|
| 651 | 0 |
_aCambridge (England) _vFiction _925634 |
|
| 655 | 0 |
_aScience fiction _922728 |
|
| 655 | 0 |
_aHumorous fiction _922906 |
|
| 942 | _2lcc | ||
| 999 |
_c4813 _d4813 |
||